| 000 | 00655nam a22001937a 4500 | ||
|---|---|---|---|
| 003 | OSt | ||
| 005 | 20240903110423.0 | ||
| 008 | 240903b ||||| |||| 00| 0 eng d | ||
| 040 | _cAIMIT LIBRARY | ||
| 100 |
_aMaithri. _e2216094 _9178543 |
||
| 245 |
_aRisk and return analysis of top 10 automobile stocks listed in nifty auto / _cBy Maithri ; Guided by Dhananjaya K. |
||
| 260 |
_aMangalore / _c2024. |
||
| 650 |
_aLiterature review objectives _9178544 |
||
| 650 |
_aResearch methodology _9178545 |
||
| 650 |
_aData analysis and interpretation _9178546 |
||
| 700 |
_aK Dhananjaya. _eGuide _9178547 |
||
| 856 | _3Econo broking pvt ltd | ||
| 942 |
_2ddc _cPRO |
||
| 999 |
_c231712 _d231712 |
||